000 00317nam a2200133Ia 4500
008 200103s9999||||xx |||||||||||||| ||und||
040 _aIMU-MPC
082 _aColumn-11
100 _aKhurmi, R. S
245 0 _aFundamentals of Engineering Geology
260 _bDhanpat Rai & Sons
_c1992
300 _a252
942 _cBK
999 _c4553
_d4553